| 000 | 01336nam0a22003131 4500 | ||
|---|---|---|---|
| 001 | rc\3741733 | ||
| 005 | 20210310130309.0 | ||
| 021 |
_aRU _b[73-31991] |
||
| 035 | _a(NLR Aleph) 007870594 | ||
| 090 |
_a7855020 _c7855020 |
||
| 100 | _a20130115d1973 |||y0rusy50 ca | ||
| 101 | 0 | _arus | |
| 102 | _aRU | ||
| 105 | _ay j ||||| | ||
| 200 | 1 |
_aХрестоматия по всеобщей истории государства и права _fПод ред. [и с предисл.] проф. З.М. Черниловского _gМ-во высш. и сред. спец. образования СССР. Всесоюз. юрид. заоч. ин-т |
|
| 210 |
_aМосква _cБ. и. _d1973 |
||
| 215 |
_a495 с. _d22 |
||
| 300 | _aСост. указан на обороте тит. л. | ||
| 606 |
_aГосударство и право _xИстория _jХрестоматии _2psbo |
||
| 700 | 1 |
_aСадиков _bВ. Н. _4220 |
|
| 702 | 1 |
_aЧерниловский _bЗ. М. _f1914-1995 _gЗиновий Михайлович _3RU\NLR\AUTH\776411 _4340 _4080 |
|
| 712 | 0 | 2 |
_aВсесоюзный заочный юридический ин-т _3RU\NLR\AUTH\889935778 |
| 801 | 0 |
_aRU _bNLR _gpsbo |
|
| 801 | 1 |
_aRU _bELAR _2rusmarc |
|
| 852 |
_aNLR _j73-5/1386 |
||
| 852 |
_aNLR _jМф К1/17825 |
||
| 942 | _cBOOK | ||
| 980 | _aNB | ||